[Event "EYCC Open-U18 2019"]
[Site "Bratislava"]
[Date "2019.08.05"]
[Round "4.27"]
[White "Ludvik, Tomas"]
[Black "Boev, Viktor"]
[Result "0-1"]
[WhiteElo "2334"]
[BlackElo "2246"]
[Annotator "NA RC"]
[PlyCount "82"]
[EventDate "2019.08.02"]
[EventType "swiss"]
[EventCountry "SVK"]
[TimeControl "40/5400+30:1800+30"]

1. d4 {[%emt 0:00:00]} d5 {[%emt 0:00:00]} 2. c4 {[%emt 0:00:00]} e6 {[%emt 0:00:00]} 3. Nc3 {[%emt 0:00:00]} c6 {[%emt 0:00:02]} 4. Nf3 {[%emt 0:00:02]} dxc4 {[%emt 0:01:19]} 5. a4 {[%emt 0:00:32]} Bb4 {[%emt 0:00:28]} 6. e3 {[%emt 0:00:37]} b5 {[%emt 0:00:11]} 7. Bd2 {[%emt 0:01:13]} a5 {[%emt 0:00:51]} 8. axb5 {[%emt 0:00:16]} Bxc3 {[%emt 0:00:05]} 9. Bxc3 {[%emt 0:00:04]} cxb5 {[%emt 0:00:06]} 10. b3 {[%emt 0:00:10]} Bb7 {[%emt 0:00:06]} 11. bxc4 {[%emt 0:00:13]} b4 {[%emt 0:00:06]} 12. Bb2 {[%emt 0:00:09]} Nf6 {[%emt 0:00:07]} 13. Bd3 {[%emt 0:01:10]} O-O {[%emt 0:00:30]} 14. O-O {[%emt 0:00:11]} Nbd7 {[%emt 0:00:21]} 15. Nd2 {[%emt 0:05:39]} Qc7 {[%emt 0:02:47]} 16. Bc2 {[%emt 0:07:03]} e5 {[%emt 0:05:02]} 17. d5 {[%emt 0:03:43]} Ba6 {[%emt 0:09:15]} 18. Ba4 {[%emt 0:08:26]} Nc5 {[%emt 0:08:25]} 19. Bc6 {[%emt 0:07:06]} Bb7 {[%emt 0:03:27]} 20. Bxb7 {[%emt 0:07:05]} Nxb7 {[%emt 0:00:11]} 21. f4 {[%emt 0:02:40]} Nd7 {[%emt 0:01:17]} 22. Qh5 {[%emt 0:08:40]} f6 {[%emt 0:11:41]} 23. Rf3 {[%emt 0:04:56]} Nbc5 {[%emt 0:09:14]} 24. Rh3 {[%emt 0:04:34]} h6 {[%emt 0:00:07]} 25. Qf5 {[%emt 0:09:28]} Rf7 {[%emt 0:02:03]} 26. Rf1 {[%emt 0:02:41]} a4 {[%emt 0:02:02]} 27. e4 {[%emt 0:03:18]} exf4 {[%emt 0:09:42]} 28. Rxf4 {[%emt 0:00:45]} Ne5 {[%emt 0:00:58]} 29. Rf1 {[%emt 0:04:42]} Ncd3 {[%emt 0:03:41]} 30. Bd4 {[%emt 0:01:29]} b3 {[%emt 0:00:25]} 31. Rb1 {[%emt 0:06:38]} b2 {[%emt 0:03:20]} 32. Rxd3 {[%emt 0:05:34]} Nxd3 {[%emt 0:00:10]} 33. e5 {[%emt 0:05:37]} fxe5 {[%emt 0:02:56]} 34. Qxd3 {[%emt 0:00:07]} exd4 {[%emt 0:00:05]} 35. Rxb2 {[%emt 0:00:11]} Qf4 {[%emt 0:00:42]} 36. Rb1 {[%emt 0:01:48]} Qf2+ {[%emt 0:01:19]} 37. Kh1 {[%emt 0:00:01]} Qe3 {[%emt 0:00:20]} 38. Qxe3 {[%emt 0:00:57]} dxe3 {[%emt 0:00:06]} 39. Nf3 {[%emt 0:00:05]} a3 {[%emt 0:00:06]} 40. Nd4 {[%emt 0:00:00]} a2 {[%emt 0:00:00]} 41. Ra1 {[%emt 0:01:28]} Rf1+ {[%emt 0:00:53]} 0-1

[Event "EYCC Open-U18 2019"]
[Site "Bratislava"]
[Date "2019.08.05"]
[Round "4.28"]
[White "Anghelus, Alin-Gabriel"]
[Black "Tisaj, Domen"]
[Result "1-0"]
[WhiteElo "2107"]
[BlackElo "2232"]
[Annotator "NA"]
[PlyCount "83"]
[EventDate "2019.08.02"]
[EventType "swiss"]
[EventCountry "SVK"]
[SourceTitle "playchess.com"]
[Source "ChessBase"]
[SourceQuality "1"]
[TimeControl "40/5400+30:1800+30"]

1. d4 {[%emt 0:00:06]} f5 {[%emt 0:00:02]} 2. Nc3 {[%emt 0:00:31]} d5 {[%emt 0:00:12]} 3. Bf4 {[%emt 0:00:45]} a6 {[%emt 0:00:53]} 4. Nf3 {[%emt 0:00:42]} Nf6 {[%emt 0:00:21]} 5. e3 {[%emt 0:00:19]} e6 {[%emt 0:00:24]} 6. Be2 {[%emt 0:01:20]} c5 {[%emt 0:01:24]} 7. O-O {[%emt 0:01:00]} Nc6 {[%emt 0:03:40]} 8. Na4 {[%emt 0:02:29]} c4 {[%emt 0:11:09]} 9. b3 {[%emt 0:00:42]} b5 {[%emt 0:01:04]} 10. Nc5 {[%emt 0:00:23]} Bd6 {[%emt 0:00:24]} 11. a4 {[%emt 0:01:47]} Rb8 {[%emt 0:00:20]} 12. c3 {[%emt 0:08:11]} Ne4 {[%emt 0:04:11]} 13. Nxe4 {[%emt 0:03:08]} fxe4 {[%emt 0:00:57]} 14. Ne5 {[%emt 0:01:45]} Nxe5 {[%emt 0:03:37]} 15. Bxe5 {[%emt 0:01:32]} Bxe5 {[%emt 0:01:58]} 16. dxe5 {[%emt 0:00:06]} Qc7 {[%emt 0:00:10]} 17. axb5 {[%emt 0:01:08]} axb5 {[%emt 0:03:18]} 18. Qd4 {[%emt 0:00:37]} O-O {[%emt 0:00:33]} 19. Ra7 {[%emt 0:10:26]} Rb7 {[%emt 0:01:14]} 20. Rxb7 {[%emt 0:00:57]} Bxb7 {[%emt 0:01:17]} 21. bxc4 {[%emt 0:03:26]} dxc4 {[%emt 0:10:36]} 22. Bg4 {[%emt 0:00:14]} Bd5 {[%emt 0:01:40]} 23. f3 {[%emt 0:01:15]} Qf7 {[%emt 0:08:39]} 24. f4 {[%emt 0:02:26]} h5 {[%emt 0:17:31]} 25. Bh3 {[%emt 0:00:31]} g5 {[%emt 0:02:01]} 26. g3 {[%emt 0:06:13]} g4 {[%emt 0:00:21]} 27. Bg2 {[%emt 0:00:05]} Qb7 {[%emt 0:00:25]} 28. Rb1 {[%emt 0:01:29]} Rc8 {[%emt 0:01:36]} 29. Rb4 {[%emt 0:06:51]} Kf7 {[%emt 0:03:44]} 30. h3 {[%emt 0:02:53]} Kg6 {[%emt 0:00:52]} 31. hxg4 {[%emt 0:02:17]} hxg4 {[%emt 0:00:17]} 32. Qd1 {[%emt 0:00:52]} Kf5 {[%emt 0:00:29]} 33. Rb2 {[%emt 0:00:31]} Qb6 {[%emt 0:03:22]} 34. Kf2 {[%emt 0:00:17]} Rh8 {[%emt 0:01:12]} 35. Rd2 {[%emt 0:01:21]} Qc6 {[%emt 0:01:53]} 36. Qb1 {[%emt 0:01:26]} Rc8 {[%emt 0:06:52]} 37. Qh1 {[%emt 0:00:24]} Qe8 {[%emt 0:01:36]} 38. Qh4 {[%emt 0:00:43]} Qg6 {[%emt 0:00:10]} 39. Bh3 {[%emt 0:00:21]} Rf8 {[%emt 0:03:26]} 40. Bxg4+ {[%emt 0:00:00]} Qxg4 {[%emt 0:00:00]} 41. Qh7+ {[%emt 0:01:18]} Qg6 {[%emt 0:00:11]} 42. g4+ {[%emt 0:00:05]} 1-0

[Event "EYCC Open-U18 2019"]
[Site "Bratislava"]
[Date "2019.08.05"]
[Round "4.29"]
[White "Nordquelle, Daniel"]
[Black "Iliaguev, Nisim"]
[Result "1/2-1/2"]
[WhiteElo "2181"]
[BlackElo "2357"]
[Annotator "TA"]
[PlyCount "79"]
[EventDate "2019.08.02"]
[EventType "swiss"]
[EventCountry "SVK"]
[SourceTitle "playchess.com"]
[Source "ChessBase"]
[SourceQuality "1"]

{[%evp 13,79,14,41,8,43,43,62,53,65,72,69,64,53,44,62,48,46,55,66,60,51,33,58,53,61,33,29,27,35,26,96,52,77,77,88,88,89,87,104,106,99,62,45,18,60,56,99,96,135,91,79,67,75,75,71,0,111,2,5,1,4,0,0,0,4,0,2,0]} 1. e4 e6 2. d4 d5 3. Nd2 dxe4 4. Nxe4 Nd7 5. g3 Ngf6 6. Nxf6+ Nxf6 7. Bg2 c5 8. Ne2 {C10: French with 3 Nc3: Unusual Black 3rd moves and 3...dxe4} cxd4 9. Qxd4 Qxd4 10. Nxd4 {White is slightly better.} Bc5 11. Nb3 Bb6 12. a4 a5 13. Nd2 {[#]} O-O $146 ({Predecessor:} 13... Nd5 14. Nc4 Bc7 15. b3 Bd7 16. Bb2 {½-½ (41) Vallejo Pons,F (2684)-Huzman,A (2580) Berlin 2015}) 14. Nc4 Bc7 15. Be3 Nd5 16. Bc5 Rd8 17. O-O Ra6 {[#] Hoping for ...Rc6.} 18. b3 b6 19. Ba3 Ra8 20. Rfd1 Ba6 21. Bb2 b5 (21... f6 $11 {remains equal.}) 22. Bxd5 exd5 23. Ne3 bxa4 24. Nxd5 Bd6 25. Rxa4 Be2 26. Rd2 Bf3 27. Ne3 Bb4 28. Rd4 Rxd4 29. Bxd4 Rc8 30. Ra1 Rc6 31. h3 f6 32. Ra2 Kf7 33. Nc4 Be2 34. Ne3 (34. c3 $16 Bxc4 35. bxc4 (35. cxb4 Bd5 $11)) 34... Bd2 (34... Bf3 $11) 35. Nd5 (35. Nf1 $16 Be1 36. Ra1 Bxf1 37. Kxf1) 35... Bd1 $11 {The position is equal.} 36. c4 Bb4 37. Rb2 Ba3 38. Ra2 Bb4 39. Rb2 Ba3 40. Ra2 {Accuracy: White = 41%, Black = 60%.} 1/2-1/2

[Event "EYCC Open-U18 2019"]
[Site "Bratislava"]
[Date "2019.08.05"]
[Round "4.30"]
[White "Martinez Fernandez, Adrian"]
[Black "Toquero Gracia, Pau"]
[Result "1-0"]
[WhiteElo "2311"]
[BlackElo "2080"]
[Annotator "NA"]
[PlyCount "103"]
[EventDate "2019.08.02"]
[EventType "swiss"]
[EventCountry "SVK"]
[SourceTitle "playchess.com"]
[Source "ChessBase"]
[SourceQuality "1"]
[TimeControl "40/5400+30:1800+30"]

1. e4 {[%emt 0:00:00]} c5 {[%emt 0:00:00]} 2. Nf3 {[%emt 0:00:00]} d6 {[%emt 0:00:00]} 3. d4 {[%emt 0:00:00]} cxd4 {[%emt 0:00:00]} 4. Nxd4 {[%emt 0:00:00]} Nf6 {[%emt 0:00:06]} 5. Nc3 {[%emt 0:00:03]} a6 {[%emt 0:00:12]} 6. Be3 {[%emt 0:00:08]} e6 {[%emt 0:00:16]} 7. f3 {[%emt 0:00:08]} b5 {[%emt 0:00:16]} 8. Qd2 {[%emt 0:00:19]} Nbd7 {[%emt 0:00:38]} 9. O-O-O {[%emt 0:00:15]} Bb7 {[%emt 0:00:15]} 10. Kb1 {[%emt 0:00:17]} Be7 {[%emt 0:01:35]} 11. g4 {[%emt 0:06:03]} Nb6 {[%emt 0:00:30]} 12. Bd3 {[%emt 0:03:29]} Nfd7 {[%emt 0:02:19]} 13. g5 {[%emt 0:11:11]} Ne5 {[%emt 0:06:03]} 14. f4 {[%emt 0:06:38]} Nec4 {[%emt 0:05:46]} 15. Qf2 {[%emt 0:01:05]} Nxe3 {[%emt 0:10:24]} 16. Qxe3 {[%emt 0:00:07]} b4 {[%emt 0:01:51]} 17. Nce2 {[%emt 0:00:12]} d5 {[%emt 0:00:13]} 18. e5 {[%emt 0:00:54]} g6 {[%emt 0:00:30]} 19. h4 {[%emt 0:01:29]} Qc7 {[%emt 0:00:15]} 20. h5 {[%emt 0:01:41]} O-O-O {[%emt 0:00:27]} 21. Qh3 {[%emt 0:09:06]} Rhg8 {[%emt 0:01:37]} 22. hxg6 {[%emt 0:13:19]} hxg6 {[%emt 0:00:28]} 23. Nxe6 {[%emt 0:00:54]} fxe6 {[%emt 0:00:09]} 24. Qxe6+ {[%emt 0:00:02]} Kb8 {[%emt 0:00:08]} 25. Rh7 {[%emt 0:00:12]} Rde8 {[%emt 0:08:45]} 26. Rxe7 {[%emt 0:04:00]} Qxe7 {[%emt 0:02:15]} 27. Qxb6 {[%emt 0:00:07]} Rc8 {[%emt 0:03:48]} 28. Bxa6 {[%emt 0:03:23]} Rc6 {[%emt 0:00:48]} 29. Qxb7+ {[%emt 0:00:10]} Qxb7 {[%emt 0:00:04]} 30. Bxb7 {[%emt 0:00:04]} Kxb7 {[%emt 0:00:04]} 31. Rxd5 {[%emt 0:00:34]} Rc4 {[%emt 0:00:48]} 32. Kc1 {[%emt 0:07:10]} Rgc8 {[%emt 0:09:14]} 33. Rd7+ {[%emt 0:01:50]} R8c7 {[%emt 0:01:35]} 34. Rxc7+ {[%emt 0:00:09]} Kxc7 {[%emt 0:00:01]} 35. Kd2 {[%emt 0:02:25]} Rc5 {[%emt 0:00:37]} 36. Nc1 {[%emt 0:09:28]} Ra5 {[%emt 0:04:45]} 37. Nd3 {[%emt 0:00:15]} Rxa2 {[%emt 0:00:35]} 38. b3 {[%emt 0:00:01]} Ra1 {[%emt 0:00:46]} 39. Nxb4 {[%emt 0:00:03]} Rh1 {[%emt 0:00:14]} 40. c4 {[%emt 0:00:00]} Rb1 {[%emt 0:00:00]} 41. Kc2 {[%emt 0:01:51]} Rh1 {[%emt 0:01:40]} 42. Nd3 {[%emt 0:00:06]} Kc6 {[%emt 0:01:51]} 43. Kc3 {[%emt 0:00:02]} Rh8 {[%emt 0:00:18]} 44. b4 {[%emt 0:00:28]} Rd8 {[%emt 0:00:04]} 45. Nc5 {[%emt 0:02:40]} Rf8 {[%emt 0:00:25]} 46. Ne6 {[%emt 0:00:40]} Re8 {[%emt 0:00:29]} 47. Nd4+ {[%emt 0:00:09]} Kd7 {[%emt 0:00:14]} 48. Kd3 {[%emt 0:00:24]} Rf8 {[%emt 0:00:14]} 49. Ke4 {[%emt 0:00:20]} Rb8 {[%emt 0:00:05]} 50. b5 {[%emt 0:00:19]} Rc8 {[%emt 0:00:36]} 51. Kd5 {[%emt 0:00:05]} Rf8 {[%emt 0:00:22]} 52. Ne6 {[%emt 0:01:42]} 1-0

[Event "EYCC Open-U18 2019"]
[Site "Bratislava"]
[Date "2019.08.05"]
[Round "4.31"]
[White "Pektas, Yigit"]
[Black "Jakab, Bela"]
[Result "1/2-1/2"]
[WhiteElo "2111"]
[BlackElo "2278"]
[Annotator "NA"]
[PlyCount "96"]
[EventDate "2019.08.02"]
[EventType "swiss"]
[EventCountry "SVK"]
[SourceTitle "playchess.com"]
[Source "ChessBase"]
[SourceQuality "1"]
[TimeControl "40/5400+30:1800+30"]

1. d4 {[%emt 0:00:00]} e6 {[%emt 0:00:04]} 2. c4 {[%emt 0:00:00]} d5 {[%emt 0:00:07]} 3. Nf3 {[%emt 0:00:00]} Nf6 {[%emt 0:00:05]} 4. g3 {[%emt 0:00:00]} Be7 {[%emt 0:00:05]} 5. Bg2 {[%emt 0:00:00]} O-O {[%emt 0:00:05]} 6. O-O {[%emt 0:00:00]} dxc4 {[%emt 0:00:03]} 7. Qc2 {[%emt 0:00:04]} b5 {[%emt 0:00:07]} 8. a4 {[%emt 0:00:05]} b4 {[%emt 0:00:04]} 9. Nfd2 {[%emt 0:00:03]} c6 {[%emt 0:01:25]} 10. Nxc4 {[%emt 0:00:28]} Qxd4 {[%emt 0:04:49]} 11. Rd1 {[%emt 0:00:04]} Qc5 {[%emt 0:04:00]} 12. Be3 {[%emt 0:00:06]} Qf5 {[%emt 0:02:29]} 13. Qxf5 {[%emt 0:02:45]} exf5 {[%emt 0:00:06]} 14. Na5 {[%emt 0:08:10]} Be6 {[%emt 0:12:08]} 15. Bxc6 {[%emt 0:05:04]} Nxc6 {[%emt 0:02:55]} 16. Nxc6 {[%emt 0:00:08]} Rfe8 {[%emt 0:00:05]} 17. Nd2 {[%emt 0:14:29]} Ng4 {[%emt 0:17:23]} 18. Bd4 {[%emt 0:05:29]} Bf6 {[%emt 0:01:57]} 19. Bxf6 {[%emt 0:03:38]} Nxf6 {[%emt 0:00:22]} 20. Nxb4 {[%emt 0:08:11]} Rab8 {[%emt 0:00:29]} 21. Nd3 {[%emt 0:00:15]} Bd5 {[%emt 0:01:27]} 22. Kf1 {[%emt 0:08:56]} h5 {[%emt 0:07:13]} 23. Rac1 {[%emt 0:05:04]} Re7 {[%emt 0:02:44]} 24. Rc5 {[%emt 0:02:57]} g6 {[%emt 0:02:34]} 25. Rdc1 {[%emt 0:02:42]} Be4 {[%emt 0:05:26]} 26. Rc7 {[%emt 0:09:25]} Rxc7 {[%emt 0:01:32]} 27. Rxc7 {[%emt 0:00:08]} Bxd3 {[%emt 0:00:10]} 28. exd3 {[%emt 0:00:05]} Rxb2 {[%emt 0:00:06]} 29. Nc4 {[%emt 0:04:18]} Ra2 {[%emt 0:00:57]} 30. Rxa7 {[%emt 0:00:04]} Ng4 {[%emt 0:00:09]} 31. a5 {[%emt 0:00:33]} h4 {[%emt 0:06:48]} 32. gxh4 {[%emt 0:00:43]} f4 {[%emt 0:00:33]} 33. Ke1 {[%emt 0:02:38]} Nxf2 {[%emt 0:01:36]} 34. Rd7 {[%emt 0:03:40]} Nh3 {[%emt 0:04:29]} 35. Ne5 {[%emt 0:05:58]} Rxa5 {[%emt 0:06:08]} 36. Nxf7 {[%emt 0:00:49]} Rh5 {[%emt 0:07:03]} 37. Ng5 {[%emt 0:00:44]} Rxh4 {[%emt 0:03:38]} 38. Ne6 {[%emt 0:08:38]} Rg4 {[%emt 0:03:38]} 39. Rg7+ {[%emt 0:00:55]} Kh8 {[%emt 0:00:05]} 40. Rf7 {[%emt 0:00:00]} Rg2 {[%emt 0:00:00]} 41. d4 {[%emt 0:04:18]} Rxh2 {[%emt 0:07:05]} 42. Rf8+ {[%emt 0:06:01]} Kh7 {[%emt 0:00:05]} 43. d5 {[%emt 0:01:35]} Rb2 {[%emt 0:00:31]} 44. d6 {[%emt 0:10:57]} Rb6 {[%emt 0:00:24]} 45. Rf6 {[%emt 0:01:07]} Rxd6 {[%emt 0:03:00]} 46. Nf8+ {[%emt 0:00:05]} Kg7 {[%emt 0:00:06]} 47. Rxd6 {[%emt 0:00:04]} Kxf8 {[%emt 0:00:03]} 48. Rxg6 {[%emt 0:00:06]} Kf7 {[%emt 0:00:07]} 1/2-1/2

[Event "EYCC Open-U18 2019"]
[Site "Bratislava"]
[Date "2019.08.05"]
[Round "4.32"]
[White "Stevanic, David"]
[Black "Johannsson, Birkir Isak"]
[Result "1-0"]
[WhiteElo "2306"]
[BlackElo "1988"]
[Annotator "NA"]
[PlyCount "65"]
[EventDate "2019.08.02"]
[EventType "swiss"]
[EventCountry "SVK"]
[SourceTitle "playchess.com"]
[Source "ChessBase"]
[SourceQuality "1"]
[TimeControl "40/5400+30:1800+30"]

1. e4 {[%emt 0:00:00]} c5 {[%emt 0:00:00]} 2. Nf3 {[%emt 0:00:00]} d6 {[%emt 0:00:00]} 3. d4 {[%emt 0:00:00]} cxd4 {[%emt 0:00:02]} 4. Nxd4 {[%emt 0:00:00]} Nf6 {[%emt 0:00:05]} 5. Nc3 {[%emt 0:00:00]} a6 {[%emt 0:00:02]} 6. h3 {[%emt 0:00:09]} e6 {[%emt 0:01:27]} 7. g4 {[%emt 0:00:06]} h6 {[%emt 0:00:03]} 8. Bg2 {[%emt 0:00:05]} g5 {[%emt 0:00:05]} 9. b3 {[%emt 0:00:28]} Nbd7 {[%emt 0:01:16]} 10. Bb2 {[%emt 0:00:10]} Ne5 {[%emt 0:00:03]} 11. Qd2 {[%emt 0:00:08]} b5 {[%emt 0:00:01]} 12. f4 {[%emt 0:08:15]} gxf4 {[%emt 0:02:10]} 13. O-O-O {[%emt 0:01:39]} Bb7 {[%emt 0:13:00]} 14. Qxf4 {[%emt 0:00:34]} Nfd7 {[%emt 0:02:02]} 15. Kb1 {[%emt 0:01:41]} Qc7 {[%emt 0:03:51]} 16. Nce2 {[%emt 0:04:43]} O-O-O {[%emt 0:02:34]} 17. Ng3 {[%emt 0:02:18]} Be7 {[%emt 0:02:45]} 18. Nf3 {[%emt 0:00:53]} Rh7 {[%emt 0:00:49]} 19. Rhf1 {[%emt 0:14:06]} Kb8 {[%emt 0:03:46]} 20. Qd2 {[%emt 0:06:35]} Nc5 {[%emt 0:13:07]} 21. Bc3 {[%emt 0:16:29]} Rc8 {[%emt 0:12:04]} 22. Ba5 {[%emt 0:01:44]} Qc6 {[%emt 0:00:42]} 23. Nd4 {[%emt 0:00:45]} Qe8 {[%emt 0:00:14]} 24. Qe2 {[%emt 0:01:44]} Ncd7 {[%emt 0:07:23]} 25. Nh5 {[%emt 0:02:09]} Bd8 {[%emt 0:01:16]} 26. Bb4 {[%emt 0:01:26]} Bc7 {[%emt 0:00:37]} 27. Nf3 {[%emt 0:05:48]} Qe7 {[%emt 0:02:32]} 28. Qd2 {[%emt 0:01:05]} Nc5 {[%emt 0:00:48]} 29. Nxe5 {[%emt 0:00:35]} dxe5 {[%emt 0:00:05]} 30. Nf6 {[%emt 0:00:44]} Rd8 {[%emt 0:02:18]} 31. Bxc5 {[%emt 0:01:12]} Qxc5 {[%emt 0:01:33]} 32. Qxd8+ {[%emt 0:00:18]} Bxd8 {[%emt 0:00:15]} 33. Nd7+ {[%emt 0:00:05]} 1-0

[Event "EYCC Open-U18 2019"]
[Site "Bratislava"]
[Date "2019.08.05"]
[Round "4.33"]
[White "Triantos, Konstantinos"]
[Black "Galiana Fernandez, Adrian"]
[Result "0-1"]
[WhiteElo "2129"]
[BlackElo "2302"]
[Annotator "TA"]
[PlyCount "79"]
[EventDate "2019.08.02"]
[EventType "swiss"]
[EventCountry "SVK"]
[SourceTitle "playchess.com"]
[Source "ChessBase"]
[SourceQuality "1"]

{[%evp 14,79,-10,-17,-16,-34,0,-23,0,-10,-1,-66,-39,-33,-40,-47,-42,-39,-18,-50,-33,-45,-35,-154,-159,-242,-243,-257,-259,-244,-131,-143,-65,-62,-57,-64,-61,-202,-177,-224,-234,-305,-306,-313,-306,-313,-307,-299,-313,-418,-408,-447,-437,-657,-662,-707,-683,-703,-692,-802,-814,-738,-768,-1135,-1126,-1135,-855,-1063]} 1. e4 e5 2. Nf3 Nc6 3. d4 exd4 4. Nxd4 Nf6 5. Nxc6 bxc6 6. e5 Qe7 7. Qe2 Nd5 8. h4 a5 {C45: Scotch Game} 9. c4 Ba6 10. Qe4 $146 ({Predecessor:} 10. g3 Nb6 11. Nd2 d5 12. exd6 Qxe2+ 13. Bxe2 cxd6 14. b3 Be7 15. Bb2 O-O 16. O-O {1-0 (67) Nepomniachtchi,I (2732)-Giri,A (2771) Leuven 2017}) 10... Nb4 {[#] Strongly threatening ...d5.Black has an edge.} 11. Nc3 Qe6 {Hoping for ...d5.} 12. Kd1 (12. a3 d5 $17) ({White should try} 12. Rb1 $11) 12... O-O-O $1 $15 13. Bd2 d5 14. cxd5 cxd5 15. Bxa6+ Qxa6 16. Qe2 $1 Qg6 $36 {[%mdl 2048] Black has some pressure.} 17. a3 Nd3 18. Bg5 (18. Na4 $15) 18... Bc5 $17 19. Rf1 (19. Bxd8 $17 Nxf2+ 20. Kc1 Nxh1 21. Bg5) 19... f6 $19 20. b4 axb4 (20... fxg5 21. bxc5 Nxe5 22. h5 $19 (22. Qxe5 $2 Qd3+ {[%mdl 64] Double Attack} 23. Kc1 Qxf1+ $19 {[%mdl 64] Double Attack})) 21. axb4 Bxb4 ({Stronger than} 21... fxg5 22. bxc5 Nxc5 23. hxg5 $11) (21... Nxb4 $19 22. Bf4 Bd4 23. Ra8+ Kd7 24. exf6 gxf6) 22. Bd2 fxe5 ({Better is} 22... Nb2+ $17 23. Kc1 Nd3+ {[%mdl 64] Double Attack} 24. Kd1 Bxc3 25. Bxc3 d4) 23. h5 $1 $15 {[%cal Rh5g6]} Qf5 {White must now prevent ...e4.} ({Worse is} 23... Qxg2 24. Qxd3 Bxc3 25. Bxc3 $16) 24. g4 Nb2+ {[#]} 25. Ke1 (25. Kc1 $1 $15 {[%mdl 512]} Qd3 26. Qxd3 Nxd3+ 27. Kc2) 25... Qd3 $19 26. Qxd3 Nxd3+ 27. Ke2 Bxc3 {[%mdl 64] Overworked Piece} 28. Bxc3 Nf4+ 29. Kd2 d4 30. Ba5 {and if Rfc1 works, White does fine.} Kd7 31. Rac1 Ne6 32. Kd3 Ra8 {Black is clearly winning.} 33. Bb4 (33. Ra1 $142) 33... Rhb8 34. Rb1 c5 35. Bd2 Kd6 36. Ke4 c4 37. Bb4+ Nc5+ 38. Kf5 Kd5 39. Bxc5 Kxc5 40. Kxe5 {Accuracy: White = 26%, Black = 70%.} 0-1

[Event "EYCC Open-U18 2019"]
[Site "Bratislava"]
[Date "2019.08.05"]
[Round "4.34"]
[White "Joensson, Jacob"]
[Black "Zabolotnov, Evgeny"]
[Result "0-1"]
[WhiteElo "1981"]
[BlackElo "2284"]
[Annotator "NA"]
[PlyCount "104"]
[EventDate "2019.08.02"]
[EventType "swiss"]
[EventCountry "SVK"]
[SourceTitle "playchess.com"]
[Source "ChessBase"]
[SourceQuality "1"]
[TimeControl "40/5400+30:1800+30"]

1. d4 {[%emt 0:00:00]} d5 {[%emt 0:00:00]} 2. c4 {[%emt 0:00:00]} e6 {[%emt 0:00:00]} 3. Nc3 {[%emt 0:00:00]} Bb4 {[%emt 0:00:00]} 4. Nf3 {[%emt 0:00:29]} dxc4 {[%emt 0:00:00]} 5. e4 {[%emt 0:01:17]} b5 {[%emt 0:00:00]} 6. a4 {[%emt 0:07:11]} c6 {[%emt 0:00:13]} 7. Be2 {[%emt 0:13:26]} Bb7 {[%emt 0:06:12]} 8. O-O {[%emt 0:01:49]} a6 {[%emt 0:01:00]} 9. Ne5 {[%emt 0:13:34]} Nd7 {[%emt 0:06:01]} 10. f4 {[%emt 0:04:19]} Ngf6 {[%emt 0:02:12]} 11. Bf3 {[%emt 0:14:37]} Nxe5 {[%emt 0:13:20]} 12. fxe5 {[%emt 0:01:57]} Nd7 {[%emt 0:00:01]} 13. Bh5 {[%emt 0:11:25]} g6 {[%emt 0:02:03]} 14. Qf3 {[%emt 0:00:48]} Qe7 {[%emt 0:02:18]} 15. Bg4 {[%emt 0:02:52]} c5 {[%emt 0:17:03]} 16. Bg5 {[%emt 0:15:28]} Qxg5 {[%emt 0:03:07]} 17. Qxf7+ {[%emt 0:00:07]} Kd8 {[%emt 0:00:03]} 18. Qxe6 {[%emt 0:00:12]} Qe7 {[%emt 0:01:59]} 19. Rf7 {[%emt 0:00:17]} Qxe6 {[%emt 0:00:28]} 20. Bxe6 {[%emt 0:00:06]} Nf8 {[%emt 0:08:13]} 21. Rxb7 {[%emt 0:04:37]} Nxe6 {[%emt 0:00:55]} 22. d5 {[%emt 0:01:11]} Kc8 {[%emt 0:07:59]} 23. Re7 {[%emt 0:01:30]} Nd4 {[%emt 0:05:10]} 24. axb5 {[%emt 0:01:13]} Bxc3 {[%emt 0:01:54]} 25. Rxa6 {[%emt 0:00:51]} Rxa6 {[%emt 0:16:03]} 26. bxa6 {[%emt 0:00:05]} Rf8 {[%emt 0:00:02]} 27. h4 {[%emt 0:00:07]} Ne2+ {[%emt 0:00:22]} 28. Kh2 {[%emt 0:02:05]} Bxe5+ {[%emt 0:02:09]} 29. Rxe5 {[%emt 0:00:08]} Kd7 {[%emt 0:00:09]} 30. h5 {[%emt 0:01:20]} c3 {[%emt 0:01:58]} 31. bxc3 {[%emt 0:00:37]} Nxc3 {[%emt 0:00:01]} 32. hxg6 {[%emt 0:00:23]} hxg6 {[%emt 0:00:19]} 33. Re6 {[%emt 0:00:17]} Rc8 {[%emt 0:04:02]} 34. e5 {[%emt 0:00:46]} Nxd5 {[%emt 0:00:59]} 35. Rd6+ {[%emt 0:00:06]} Ke7 {[%emt 0:00:09]} 36. Rxd5 {[%emt 0:00:06]} Ke6 {[%emt 0:00:18]} 37. Rd6+ {[%emt 0:00:12]} Kxe5 {[%emt 0:00:09]} 38. Rxg6 {[%emt 0:00:10]} c4 {[%emt 0:00:42]} 39. a7 {[%emt 0:00:17]} Kd4 {[%emt 0:00:47]} 40. Ra6 {[%emt 0:00:00]} Ra8 {[%emt 0:00:00]} 41. Kg3 {[%emt 0:01:43]} c3 {[%emt 0:01:16]} 42. Kf4 {[%emt 0:00:20]} c2 {[%emt 0:01:10]} 43. Rc6 {[%emt 0:00:34]} Kd3 {[%emt 0:00:05]} 44. g4 {[%emt 0:00:35]} Rxa7 {[%emt 0:00:04]} 45. Kf5 {[%emt 0:00:08]} Ra5+ {[%emt 0:06:59]} 46. Kf6 {[%emt 0:00:07]} Ra6 {[%emt 0:00:27]} 47. Rxa6 {[%emt 0:00:29]} c1=Q {[%emt 0:00:01]} 48. Re6 {[%emt 0:02:44]} Qf4+ {[%emt 0:00:16]} 49. Ke7 {[%emt 0:00:30]} Qxg4 {[%emt 0:00:07]} 50. Rd6+ {[%emt 0:00:26]} Ke4 {[%emt 0:00:14]} 51. Re6+ {[%emt 0:00:54]} Kd5 {[%emt 0:00:20]} 52. Ra6 {[%emt 0:00:15]} Qe2+ {[%emt 0:00:18]} 0-1